• 首页
  • 本馆介绍
  • 公告通知
  • 最新文献
  • 馆藏检索
  • 电子资源
  • 读者导购
  • 参考咨询
  • 我的图书馆
  • 登录
  • 详细信息显示
  • 放入我的书架
  • 预约/预借图书
  • 作者相关作品
  • 分类相关作品
  • 丛书相关作品
  • 出版社相关作品

书目信息

  • 表格格式
  • 工作单格式
  • 卡片格式
题名:
90年代优秀军事新闻摄影佳作欣赏
    
 
作者: 周朝荣 著
分册:  
出版信息: 北京   长城出版社  2000.10
页数: 95页
开本: 26cm
丛书名:
单 册:
中图分类: J419
科图分类:
主题词: 摄影技术--普及读物 , 摄影艺术--各种
电子资源:
ISBN: 7-80017-520-0
000 00679nam0 2200217 450
001 0740708468
005 20071213161213.03
010    @a7-80017-520-0@dCNY30.00
100    @a20071122d2000 km y0chiy0120 ea
101 0  @achi
102    @aCN@b110000
200 1  @a90年代优秀军事新闻摄影佳作欣赏@A90 nian dai you xiu jun shi xin wen she ying jia zuo xin shang@f周朝荣著@Fzhou chao rong zhu
210    @a北京@c长城出版社@d2000.10
215    @a95页@d26cm
606 0  @a摄影技术@x普及读物
606 0  @a摄影艺术@x各种
690    @aJ419@v4
701  0 @a周朝荣@Azhou chao rong@4著
801  0 @aCN@b大连网信软件有限公司图书馆@c20071213
905    @aBZT@dJ419@e1
906    @dCNY30.00@n0@r1
    
    90年代优秀军事新闻摄影佳作欣赏/周朝荣著.-北京:长城出版社,2000.10
    95页;26cm
    
    
    ISBN 7-80017-520-0:CNY30.00
    
●
相关链接 在五车中查询图书 在当当中查询图书 在豆瓣中查询图书


正题名:90年代优秀军事新闻摄影佳作欣赏     索取号:J419/1         预约/预借

序号 登录号 条形码 馆藏地/架位号 状态 备注
1 628750   2000628750   中心书库中库/ 中库019架A面3列5层5/ [索取号:J419/1] 在馆    
2 628751   2000628751   中心书库中库/ 中库019架A面3列5层4/ [索取号:J419/1] 在馆    
3 628752   2000628752   中心书库中库/ 中库019架A面3列5层6/ [索取号:J419/1] 在馆    
4 628753   2000628753   中心书库中库/ 中库019架A面3列5层3/ [索取号:J419/1] 在馆    
5 628754   2000628754   中心书库中库/ 中库019架A面3列5层1/ [索取号:J419/1] 在馆    
6 628755   2000628755   中心书库中库/ 中库019架A面3列5层10/ [索取号:J419/1] 在馆    
7 628756   2000628756   中心书库中库/ 中库019架A面3列5层7/ [索取号:J419/1] 在馆    
8 628757   2000628757   中心书库中库/ 中库019架A面3列5层2/ [索取号:J419/1] 在馆    
9 628758   2000628758   中心书库中库/ 中库019架A面3列5层9/ [索取号:J419/1] 在馆    
10 628759   2000628759   中心书库中库/ 中库019架A面3列5层8/ [索取号:J419/1] 在馆    
山东省滨州职业学院图书馆 欢迎您!
大连网信软件有限公司© 版权所有